000
00337nam a22001457a 4500
008
221014b ||||| |||| 00| 0 eng d
020
_a
9781578011117
041
_a
eng
080
_2
FOURTH EDITION
_a
159.9
082
_a
159.9 FOS
100
_a
25.2
101
_a
PSI
245
_a
PSYCHIATRIC PRINCIPLES
_c
FOSSETT B
942
_2
udc
_c
BK
999
_c
58565
_d
58565